Concerti per tromba (Lp Ss 154) (Record n. 103786)
[ formato base ]
| 000 -LEADER | |
|---|---|
| fixed length control field | 01668njm a2200349Ia 4500 |
| 001 - CONTROL NUMBER | |
| control field | 23805 |
| 003 - CONTROL NUMBER IDENTIFIER | |
| control field | IT-RoPAU |
| 005 - DATE AND TIME OF LATEST TRANSACTION | |
| control field | 20220918181213.0 |
| 008 - FIXED-LENGTH DATA ELEMENTS--GENERAL INFORMATION | |
| fixed length control field | 131025s9999 xx 000 0 und d |
| 040 ## - CATALOGING SOURCE | |
| Original cataloging agency | IT-RoPAU |
| 040 ## - CATALOGING SOURCE | |
| Transcribing agency | IT-RoPAU |
| 999 ## - SYSTEM CONTROL NUMBERS (KOHA) | |
| Koha Dewey Subclass [OBSOLETE] | n.d. |
| 100 ## - MAIN ENTRY--PERSONAL NAME | |
| Personal name | AA.VV. |
| 9 (RLIN) | 794 |
| 100 ## - MAIN ENTRY--PERSONAL NAME | |
| Relator term | Autore musica |
| 9 (RLIN) | 6026 |
| 100 ## - MAIN ENTRY--PERSONAL NAME | |
| Miscellaneous information | Codice autore musica SPICS: 12000 |
| 9 (RLIN) | 796 |
| 245 ## - TITLE STATEMENT | |
| Title | Concerti per tromba (Lp Ss 154) |
| 250 ## - EDITION STATEMENT | |
| Edition statement | 1a ed. |
| 260 ## - PUBLICATION, DISTRIBUTION, ETC. (IMPRINT) | |
| Place of publication, distribution, etc. | MILANO |
| 260 ## - PUBLICATION, DISTRIBUTION, ETC. (IMPRINT) | |
| Name of publisher, distributor, etc. | BLUEBELL RECORDS |
| 300 ## - PHYSICAL DESCRIPTION | |
| Extent | DISCO |
| 500 ## - GENERAL NOTE | |
| General note | Concerti per tromba. Musica classica. Musica barocca. |
| 505 ## - FORMATTED CONTENTS NOTE | |
| Formatted contents note | Concerto in do magg. per due trombe e orchestra - Concerto in re magg. per tromba e orchestra - Trumpet Voluntary - Aria di postiglione - Concerto in re magg per tromba e orchestra |
| 511 ## - PARTICIPANT OR PERFORMER NOTE | |
| Participant or performer note | Orchestra da Camera della Norddeutsche Rundfunk diretta da Otvos Gavor |
| 650 ## - SUBJECT ADDED ENTRY--TOPICAL TERM | |
| Topical term or geographic name as entry element | CLASSICA [DISCHI] |
| Relator term | Codice MATERIA SPICS: 9950 |
| 9 (RLIN) | 1157 |
| 700 ## - ADDED ENTRY--PERSONAL NAME | |
| Personal name | André Maurice |
| Miscellaneous information | Codice interprete SPICS: 9944 |
| Relator term | Interprete |
| 9 (RLIN) | 6027 |
| 700 ## - ADDED ENTRY--PERSONAL NAME | |
| Personal name | Vivaldi Antonio |
| Miscellaneous information | Codice autore musica SPICS: 11195 |
| Relator term | Autore musica |
| Name of part/section of a work | Concerto in do magg. per due trombe e orchestra |
| 9 (RLIN) | 6028 |
| 700 ## - ADDED ENTRY--PERSONAL NAME | |
| Personal name | Telemann Georg Philipp |
| Miscellaneous information | Codice autore musica SPICS: 8220 |
| Relator term | Autore musica |
| Name of part/section of a work | Concerto in re magg. per tromba e orchestra |
| 9 (RLIN) | 6029 |
| 700 ## - ADDED ENTRY--PERSONAL NAME | |
| Personal name | Purcell Henry |
| Miscellaneous information | Codice autore musica SPICS: 11083 |
| Relator term | Autore musica |
| Name of part/section of a work | Trumpet Voluntary |
| 9 (RLIN) | 6030 |
| 700 ## - ADDED ENTRY--PERSONAL NAME | |
| Personal name | Bach Johann Sebastian |
| Miscellaneous information | Codice autore musica SPICS: 9695 |
| Relator term | Autore musica |
| Name of part/section of a work | Aria di postiglione |
| 9 (RLIN) | 6031 |
| 700 ## - ADDED ENTRY--PERSONAL NAME | |
| Personal name | Mozart Leopold |
| Miscellaneous information | Codice autore musica SPICS: 3487 |
| Relator term | Autore musica |
| Name of part/section of a work | Concerto in re magg per tromba e orchestra |
| 9 (RLIN) | 6032 |
| 942 ## - ADDED ENTRY ELEMENTS (KOHA) | |
| Koha item type | DISCHI |
| Source of classification or shelving scheme | Dewey Decimal Classification |
| Withdrawn status | Lost status | Damaged status | Not for loan | Home library | Current library | Date acquired | Total Checkouts | Full call number | Date last seen | Price effective from | Koha item type | Public note |
|---|---|---|---|---|---|---|---|---|---|---|---|---|
| Buone Condizioni | Not For Loan | SPICS-MEDIATECA | SPICS-MEDIATECA | 25/10/2013 | 23805 | 25/10/2013 | 25/10/2013 | DISCHI | Progr. Ins.: 4652 / N.Vol.: 1 / Copie: 1 - Copia rara: n.d. / date import: 01.01.2014 - By Epidotti, Trombetti, Vaglietti |